000 00380nam a22001457a 4500
082 _aT-12
100 _aAmir Faizullah
_948373
245 _aComparative Behavior of Mud Mortar Walls
_cAmir Faizullah
260 _aRisalpur
_bMCE
_c7-4-1997
300 _a93p.:
_c40cm
526 _a0
_b0
_c0
_dT_12
650 _aThesis
_934811
700 _aSyed Ali Rizwan
_913401
942 _2ddc
_cBK
999 _c551345
_d551345